000 00498nam a22001457a 4500
082 _a621.3
100 _aHafiz Ullah
245 _aSampled-data output feedback control via high performance robust control schemes /
_cHafiz Ullah.
260 _aIslamabad:
_bCEME - NUST,
_c2015.
300 _a78 p.: ill.;
_c30cm.
650 _aElectrical Engineering - MS Theses.
_926977
700 _aSup: Dr. Muwahida Liaquat.
_934763
942 _2ddc
_cTHE
999 _c540736
_d540736